000 nam a22 7a 4500
999 _c10581
_d10581
008 180219b ||||| |||| 00| 0 eng d
100 _aJerome, K
_96479
245 _aThe men in a Boat IX
260 _aNew Delhi
_bKalra Publication
_c2013